| 000 | 00855nas a2200265 4500 | ||
|---|---|---|---|
| 001 | BR2010000029 | ||
| 003 | BR-BrBNA | ||
| 005 | 20231205114030.0 | ||
| 007 | ta | ||
| 008 | 230509b bl.|||p| |||| 00| 00por d | ||
| 040 |
_aBR-BrBNA _bpor _cBiblioteca Nacional de Agricultura |
||
| 041 | _a(Pt) | ||
| 072 | _aL10 | ||
| 100 | 1 | _aSilva, F.F. | |
| 100 | 1 | _aSáfadi, T. | |
| 100 | 1 | _aMuniz, J.A. | |
| 100 | 1 | _aAquino, L.H. | |
| 100 | 1 | _aMourão, G.B. | |
| 245 | 1 | _aPrevisão Bayesiana de valores genéticos de touros por meio do modelo auto-regressivo para dados em painel | |
| 650 | _aGADO NELORE | ||
| 650 | _aGENÉTICA ANIMAL | ||
| 773 | 0 |
_tArquivo Brasileiro de Medicina Veterinária e Zootecnia (Brazil) _xISSN 0102-0935 _g(Oct 2008), v. 60(5) p. 1166-1173 _wBR2010000029 |
|
| 909 |
_a202311 _bLúcia _c55 _dLúcia Elande |
||
| 942 |
_2AGRIS _n0 _cANA |
||
| 999 |
_c206801 _d206801 |
||